000 00576nam a22001937a 4500
003 KOHA_MİRAKIL
005 20260330100418.0
008 260330b tu ||||| |||| 00| 0 tur d
020 _a9786056558856
040 _aTR-AnABB
_btur
_cTR-AnABB
041 _atur
082 _a 720.1
_bECO 2019
100 1 _aEco, Umberto
245 1 0 _amimamarlık gösterge bilimi
_cUmberto Eco ; Türkçesi : Fatma Erkman Akerson
260 _aİstanbul :
_bYorum basın yayın,
_c2019
300 _a125 sayfa ;
_c20 cm
650 0 4 _amimarlık , felsefesi
942 _2ddc
_cBK
999 _c10069
_d10069
900 _bCem ÖZOGLU